banner-ar

خدعة دمعة / (Record no. 58299)

MARC details
000 -الفاتح
حقل البيانات ثابتة الطول 00638nam a2200217Ia 4500
008 - عناصر البيانات ثابتة الطول - معلومات عامة
حقل البيانات ثابتة الطول 140319s9999 xx 000 0 ara d
040 ## - مصدر الفهرسة
وكالة الفهرسة الأصلية GCL /
وكالة النسخ GCL
082 04 - رقم تصنيف ديوى العشرى
رقم التصنيف ط
رقم المادة 398.245
-- و ح
100 1# - المدخل الرئيسى - إسم شخصى
الإسم الشخصى شاكر المعداوى
245 10 - بيان العنوان
العنوان خدعة دمعة /
بيان المسئوليه,etc شاكر المعداوى
700 1# - المدخل الاضافى - اسم شخصى
الإسم الشخصى وصفى ال وصفى
260 ## - PUBLICATION, DISTRIBUTION, ETC. (IMPRINT)
تاريخ النشر أو التوزيع 1991
300 ## - الوصف المادى
التعداد 24
490 ## - بيان السلسلة
عنوان السلسلة حكايات من كليلة ودمنة
رقم المجلد/ التعيين التسلسلي 0
650 04 - المدخل الاضافى بالموضوع-مصطلح موضوعى
مصطلح موضوعي الاطفال
650 04 - المدخل الاضافى بالموضوع-مصطلح موضوعى
مصطلح موضوعي قصص الاطفال
650 04 - المدخل الاضافى بالموضوع-مصطلح موضوعى
مصطلح موضوعي القصص الخرافية
650 04 - المدخل الاضافى بالموضوع-مصطلح موضوعى
مصطلح موضوعي الاساطير
942 ## - عناصر المدخل الإضافي( كوها)
مصدر التصنيف او مخطط الترفيف Dewey Decimal Classification
Koha [default] item type كتاب
260 ## - PUBLICATION, DISTRIBUTION, ETC. (IMPRINT)
-- [S.N] :
-- دار المعارف ،
Holdings
حالة التراجع حالة الفقد حالة تلف ليس للاعارة المكان المؤقت الموقع الحالى تاريخ الاكتساب اجمالي اﻻعارات رقم الطلب الباركود تاريخ اخر مشاهدة تاريخ تفعيل السعر نوع وعاء كوها
        مكتبة القاهرة الكبرى مكتبة القاهرة الكبرى 03/26/2014   ط\398.245\و ح 150953 03/26/2014 03/26/2014 كتاب
        مكتبة القاهرة الكبرى مكتبة القاهرة الكبرى 03/26/2014   ط\398.245\و ح 150954 03/26/2014 03/26/2014 كتاب
        مكتبة القاهرة الكبرى مكتبة القاهرة الكبرى 03/26/2014   ط\398.245\و ح 150955 03/26/2014 03/26/2014 كتاب
        مكتبة القاهرة الكبرى مكتبة القاهرة الكبرى 03/26/2014   ط\398.245\و ح 150956 03/26/2014 03/26/2014 كتاب
        مكتبة القاهرة الكبرى مكتبة القاهرة الكبرى 03/26/2014   ط\398.245\و ح 150957 03/26/2014 03/26/2014 كتاب
        مكتبة القاهرة الكبرى مكتبة القاهرة الكبرى 03/26/2014   ط\398.245\و ح 150958 03/26/2014 03/26/2014 كتاب
        مكتبة القاهرة الكبرى مكتبة القاهرة الكبرى 03/26/2014   ط\398.245\و ح 150959 03/26/2014 03/26/2014 كتاب

Powered By

EGPV